|
|
|
|
| LEADER |
00000cam a2200000 a 4500 |
| 001 |
32778 |
| 003 |
CZ-ZlUTB |
| 005 |
20190826000135.0 |
| 007 |
ta |
| 008 |
070327s2007 xr a e 000 0 cze |
| 020 |
|
|
|a 9788073671693
|q (váz.)
|
| 040 |
|
|
|a ABA001
|b cze
|d OLA001
|d ZLD002
|
| 072 |
|
7 |
|a 811.162.3
|x Čeština
|2 Konspekt
|9 11
|
| 080 |
|
|
|a 811.162.3
|2 MRF
|
| 080 |
|
|
|a 81'355
|2 MRF
|
| 080 |
|
|
|a 376.1-056.264
|2 MRF
|
| 080 |
|
|
|a (076.5)
|2 MRF
|
| 100 |
1 |
|
|a Pokorná, Jaroslava,
|d 1962-
|7 mzk2007390535
|4 aut
|
| 245 |
1 |
0 |
|a Přehled české výslovnosti :
|b logopedická a ortoepická cvičení pro dospělé /
|c Jaroslava Pokorná, Milena Vránová
|
| 250 |
|
|
|a Vyd. 1.
|
| 260 |
|
|
|a Praha :
|b Portál,
|c 2007
|
| 300 |
|
|
|a 925 s. :
|b il. ;
|c 24 cm
|
| 504 |
|
|
|a Obsahuje bibliografii
|
| 650 |
0 |
7 |
|a čeština
|7 ph135292
|2 czenas
|
| 650 |
0 |
7 |
|a výslovnost
|7 ph120514
|2 czenas
|
| 650 |
0 |
7 |
|a logopedie
|7 ph117229
|2 czenas
|
| 650 |
0 |
9 |
|a Czech language
|2 eczenas
|
| 650 |
0 |
9 |
|a pronunciation
|2 eczenas
|
| 650 |
0 |
9 |
|a speech therapy
|2 eczenas
|
| 655 |
|
7 |
|a praktická cvičení
|7 fd133118
|2 czenas
|
| 655 |
|
9 |
|a problems, exercises, etc.
|2 eczenas
|
| 700 |
1 |
|
|a Vránová, Milena,
|d 1961-
|7 mzk2007390536
|4 aut
|
| 910 |
|
|
|a ZLD002
|
| 928 |
1 |
|
|a Portál
|
| 952 |
|
|
|0 0
|1 0
|4 0
|6 8085POKORNÁJ
|7 0
|8 BOOK
|9 75146
|a UTBZL
|b UTBZL
|c 005
|d 2007-07-12
|l 0
|o 808.5/POKORNÁ,J.
|p 420010109252
|r 2019-08-26 00:00:00
|v 1150.00
|w 2019-08-26
|x N:nákup | 20100831
|y 01
|
| 952 |
|
|
|0 0
|1 0
|4 0
|6 8085POKORNÁJ
|7 0
|8 BOOK
|9 75147
|a UTBZL
|b UTBZL
|c 006
|d 2007-07-12
|l 9
|m 3
|o 808.5/POKORNÁ,J.
|p 420010109251
|r 2020-06-18 00:00:00
|s 2020-02-21
|v 1150.00
|w 2019-08-26
|x N:nákup | 20100831
|y 04
|
| 952 |
|
|
|0 0
|1 0
|4 0
|6 8085POKORNÁJ
|7 0
|8 BOOK
|9 75148
|a UTBZL
|b UTBZL
|c 012
|d 2007-07-10
|l 1
|o 808.5/POKORNÁ,J.
|p 420010109249
|q 2028-12-21
|r 2019-08-26 00:00:00
|v 1150.00
|w 2019-08-26
|x N:nákup | 20100920
|y 08
|
| 952 |
|
|
|0 0
|1 0
|4 0
|6 8085POKORNÁJ
|7 0
|8 BOOK
|9 75149
|a UTBZL
|b UTBZL
|c 012
|d 2010-03-30
|l 1
|m 2
|o 808.5/POKORNÁ,J.
|p 420010131021
|q 2028-12-21
|r 2019-08-26 00:00:00
|v 1219.00
|w 2019-08-26
|x N:nákup;
|y 08
|
| 952 |
|
|
|0 0
|1 0
|4 0
|6 8085POKORNÁJ
|7 0
|8 BOOK
|9 75150
|a UTBZL
|b UTBZL
|c 030
|d 2007-07-12
|l 0
|o 808.5/POKORNÁ,J.
|p 420010109250
|r 2019-08-26 00:00:00
|v 1150.00
|w 2019-08-26
|x N:nákup | 20100831
|y 05
|
| 952 |
|
|
|0 0
|1 0
|4 0
|6 8085POKORNÁJ
|7 0
|8 BOOK
|9 75151
|a UTBZL
|b UTBZL
|c 030
|d 2007-07-12
|l 1
|o 808.5/POKORNÁ,J.
|p 420010109253
|r 2019-08-26 00:00:00
|v 1150.00
|w 2019-08-26
|x N:nákup | 20100831
|y 05
|
| 952 |
|
|
|0 0
|1 0
|4 0
|6 8085POKORNÁJ
|7 0
|8 BOOK
|9 75152
|a UTBZL
|b UTBZL
|c 030
|d 2010-03-30
|l 3
|m 2
|o 808.5/POKORNÁ,J.
|p 420010131020
|r 2020-01-09 00:00:00
|s 2019-11-06
|v 1219.00
|w 2019-08-26
|x N:nákup, převod z FMK Soukalová 13.11.2013;
|y 05
|
| 992 |
|
|
|a BK
|b SK
|d 12
|
| 999 |
|
|
|c 32778
|d 32778
|